| 000 | 00605nam a2200217Ia 4500 | ||
|---|---|---|---|
| 005 | 20241129120255.0 | ||
| 008 | 241129s9999||||xx |||||||||||||| ||und|| | ||
| 020 | _a9789356878655 | ||
| 037 | _aTB | ||
| 040 |
_aSDCL _beng _cSDCL |
||
| 041 |
_aeng _2eng |
||
| 084 |
_aG:527 R3 _qSDCL |
||
| 100 |
_aBhattacharyya Pronami Ed. _9729361 |
||
| 245 | 0 | _aBiological apocalypse: Species extinction in the anthropocene | |
| 260 |
_aDelhi _bPrimus Books India _c2023 |
||
| 300 | _axvi,322p. | ||
| 365 |
_aINR _b1395 |
||
| 650 | _aHistory | ||
| 942 |
_cTB _hG:527 R3 |
||
| 999 |
_c1234113 _d1234113 |
||